| 000 | 00706cam a22002411 4500 | ||
|---|---|---|---|
| 001 | sa 67000811 | ||
| 003 | DLC | ||
| 005 | 20260227112317.0 | ||
| 008 | 830325s1963 ii ab b 000 0 eng | ||
| 010 | _asa 67000811 | ||
| 035 | _a(OCoLC)9347726 | ||
| 040 |
_aDLC _cCU-A _dDLC |
||
| 042 | _apremarc | ||
| 043 | _aa-ii--- | ||
| 050 | 0 | 0 |
_aTN103 _b.B6 |
| 100 | 1 | _aBorooah, S. K. | |
| 245 | 1 | 0 |
_aEconomic mineral deposits of India, _cby S.K. Borooah. Introd. by Alan M. Bateman. |
| 250 | _a[1st ed.] | ||
| 260 |
_aNowgong, Assam, _bSewali Prakash Bhawan _c[1963] |
||
| 300 |
_axiv, 202 p. _billus., maps. _c19 cm. |
||
| 504 | _aIncludes bibliographies. | ||
| 650 | 0 |
_aMines and mineral resources _zIndia. |
|
| 999 |
_c72225 _d72225 |
||